Osoby zmarłe w 2024 - Statystyki

Ogólne statystyki
  • Ten quiz został rozwiązany 326 razy
  • Średni wynik to 4 z 10
Statystyki odpowiedzi
Data śmierci Opis Osoba % Poprawnych
21 lutego Mężczyzna skazany niesłusznie na 25 lat więzienia za pobiciei zgwałcenie 15-letniej dziewczyny, wypuszczony po 18 latach Tomasz Komenda
85%
18 sierpnia Były selekcjoner reprezentacji Polski, prowadził ją podczas Euro 2012 Franciszek Smuda
73%
16 lutego Lider rosyjskiej opozycji i więzień polityczny, otruty w 2020 Aleksiej Nawalny
63%
9 czerwca Aktorka grająca Halinę Kiepską w popularnym serialu komediowym Marzena Kipiel-Sztuka
50%
29 grudnia Prezydent USA w latach 1977-81, laureat Pokojowej Nagrody Nobla Jimmy Carter
49%
27 września Aktorka grająca prof. McGonagall w Harrym Potterze Maggie Smith
23%
31 grudnia 35-letni youtuber i tiktoker nagrywający śmieszne filmiki, który przegrał walkę z chorobą Tiger Bonzo
15%
9 lipca Aktor, laureat Polskiej Nagrody Filmowej za rolędrugoplanową w filmie Persona non grata Jerzy Stuhr
10%
1 marca Twórca Dragon Balla Akira Toriyama
7%
11 marca Prawnik, żył przez 70 lat w żelaznym płucu i napisał o tym książkę Paul Alexander
2%
Nie znaleziono quizów pasujących do podanych kryteriów
Rozkład punktacji
Procent ludzi z każdym wynikiem
Percentyl według liczby udzielonych odpowiedzi
Twoja historia wyników
Nie rozwiązałeś tego quizu